[Event "2019 Welsh Chess Championship"]
[Site "Cardiff"]
[Date "2019.04.19"]
[Round "2.2"]
[White "Sands, David A"]
[Black "Garcia, Jason"]
[Result "1/2-1/2"]
[WhiteElo "2109"]
[BlackElo "2024"]
[PlyCount "61"]
[EventDate "2019.04.19"]
[EventType "swiss"]
[EventRounds "7"]
[EventCountry "WLS"]

1. d4 {[%emt 0:03:52]} d5 {[%emt 0:00:06]} 2. c4 {[%emt 0:01:02]} e6 {[%emt 0:
00:05]} 3. Nf3 {[%emt 0:05:23]} Nf6 {[%emt 0:00:12]} 4. g3 {[%emt 0:05:03]}
Bb4+ {[%emt 0:03:59]} 5. Bd2 {[%emt 0:00:15]} Bxd2+ {[%emt 0:02:24]} 6. Nbxd2 {
[%emt 0:01:30]} c6 {[%emt 0:01:01]} 7. Bg2 {[%emt 0:03:05]} Nbd7 {[%emt 0:00:
35]} 8. O-O {[%emt 0:03:35]} O-O {[%emt 0:00:32]} 9. Qc2 {[%emt 0:02:38]} b6 {
[%emt 0:02:00]} 10. e4 {[%emt 0:00:35]} dxe4 {[%emt 0:00:23]} 11. Nxe4 {
[%emt 0:00:01]} Nxe4 {[%emt 0:00:30]} 12. Qxe4 {[%emt 0:00:01]} Bb7 {[%emt 0:
01:34]} 13. Rfc1 {[%emt 0:26:56]} Qe7 {[%emt 0:12:29]} 14. c5 {[%emt 0:01:33]}
Nf6 {[%emt 0:07:21]} 15. Qe2 {[%emt 0:02:26]} b5 {[%emt 0:02:13]} 16. Re1 {
[%emt 0:03:26]} Rfd8 {[%emt 0:05:26]} 17. Rad1 {[%emt 0:01:30]} h6 {[%emt 0:04:
19]} 18. Rd2 {[%emt 0:10:43]} a5 {[%emt 0:00:49]} 19. Qd1 {[%emt 0:00:46]} a4 {
[%emt 0:01:16]} 20. Ne5 {[%emt 0:03:48]} Qc7 {[%emt 0:02:46]} 21. Qc2 {[%emt 0:
03:01]} Re8 {[%emt 0:03:43]} 22. h3 {[%emt 0:03:28]} Rad8 {[%emt 0:01:25]} 23.
Kh2 {[%emt 0:00:16]} Nd7 {[%emt 0:04:06]} 24. Nd3 {[%emt 0:02:54]} Nf6 {
[%emt 0:03:01]} 25. Ne5 {[%emt 0:05:35]} Nd7 {[%emt 0:00:05]} 26. Nf3 {[%emt 0:
01:36]} Nf6 {[%emt 0:02:19]} 27. Rde2 {[%emt 0:00:18]} Re7 {[%emt 0:01:15]} 28.
Rd1 {[%emt 0:02:07]} Red7 {[%emt 0:06:13]} 29. Red2 {[%emt 0:01:36]} Re7 {
[%emt 0:01:46]} 30. Rd3 {[%emt 0:00:33]} Nd5 {[%emt 0:00:33]} 31. a3 {[%emt 0:
01:44]} 1/2-1/2

[Event "2019 Welsh Chess Championship"]
[Site "Cardiff"]
[Date "2019.04.19"]
[Round "2.3"]
[White "Camp, Imogen A L"]
[Black "Bullen, Alex"]
[Result "1/2-1/2"]
[WhiteElo "1827"]
[BlackElo "2100"]
[PlyCount "107"]
[EventDate "2019.04.19"]
[EventType "swiss"]
[EventRounds "7"]
[EventCountry "WLS"]

1. d4 Nf6 {[%emt 0:00:07]} 2. c4 {[%emt 0:00:06]} e6 {[%emt 0:00:13]} 3. Nf3 {
[%emt 0:00:17]} d5 {[%emt 0:00:11]} 4. Nc3 {[%emt 0:01:14]} Bb4 {[%emt 0:00:08]
} 5. Bg5 {[%emt 0:02:26]} Nbd7 {[%emt 0:00:10]} 6. e3 {[%emt 0:01:54]} c5 {
[%emt 0:00:07]} 7. cxd5 {[%emt 0:13:55]} exd5 {[%emt 0:00:07]} 8. Nd2 {[%emt 0:
03:35]} Qa5 {[%emt 0:05:08]} 9. Qc2 {[%emt 0:07:46]} O-O {[%emt 0:05:00]} 10.
Bd3 {[%emt 0:02:12]} c4 {[%emt 0:02:58]} 11. Be2 {[%emt 0:00:19]} Re8 {[%emt 0:
02:09]} 12. O-O {[%emt 0:01:41]} Re6 {[%emt 0:05:11]} 13. Bf4 {[%emt 0:14:41]}
Nb6 {[%emt 0:03:43]} 14. Bf3 {[%emt 0:05:32]} Bd7 {[%emt 0:01:35]} 15. a3 {
[%emt 0:11:31]} Bxc3 {[%emt 0:00:38]} 16. Qxc3 {[%emt 0:00:36]} Qa6 {[%emt 0:
05:36]} 17. Rfe1 {[%emt 0:02:39]} Rc8 {[%emt 0:01:53]} 18. e4 {[%emt 0:11:38]}
Na4 {[%emt 0:02:22]} 19. Qc2 {[%emt 0:00:32]} c3 {[%emt 0:04:55]} 20. bxc3 {
[%emt 0:00:55]} Nxc3 {[%emt 0:00:43]} 21. e5 {[%emt 0:06:30]} Ne8 {[%emt 0:10:
57]} 22. Nf1 {[%emt 0:03:27]} Rec6 {[%emt 0:05:08]} 23. Qd2 {[%emt 0:02:18]}
Be6 {[%emt 0:02:08]} 24. Ne3 {[%emt 0:01:12]} Qb6 {[%emt 0:07:51]} 25. Rec1 {
[%emt 0:01:37]} Qc7 {[%emt 0:04:41]} 26. Nd1 {[%emt 0:01:23]} Na4 {[%emt 0:06:
32]} 27. Rxc6 {[%emt 0:00:23]} Qxc6 {[%emt 0:00:11]} 28. Rc1 {[%emt 0:00:19]}
Qxc1 {[%emt 0:03:06]} 29. Qxc1 {[%emt 0:00:04]} Rxc1 {[%emt 0:00:08]} 30. Bxc1
{[%emt 0:00:02]} Nc7 {[%emt 0:00:52]} 31. Be2 {[%emt 0:01:29]} Bd7 {[%emt 0:00:
55]} 32. Ne3 {[%emt 0:01:13]} Ne6 {[%emt 0:04:25]} 33. Nc2 {[%emt 0:01:43]} Nc3
{[%emt 0:00:59]} 34. Bd3 {[%emt 0:00:26]} Ba4 {[%emt 0:01:11]} 35. Be3 {
[%emt 0:00:40]} Bxc2 {[%emt 0:01:23]} 36. Bxc2 {[%emt 0:00:06]} Nxd4 {[%emt 0:
01:02]} 37. Bd3 {[%emt 0:00:41]} Nc6 {[%emt 0:00:48]} 38. f4 {[%emt 0:00:26]}
Kf8 {[%emt 0:02:02]} 39. Kf1 {[%emt 0:00:24]} Ke7 {[%emt 0:00:55]} 40. Ke1 {
[%emt 0:00:46]} Na4 {[%emt 0:05:42]} 41. Bxh7 {[%emt 0:13:38]} g6 {[%emt 0:01:
13]} 42. f5 {[%emt 0:00:05]} Nxe5 {[%emt 0:01:22]} 43. fxg6 {[%emt 0:00:13]}
fxg6 {[%emt 0:01:04]} 44. Bg8 {[%emt 0:00:37]} Ng4 {[%emt 0:05:55]} 45. Bd4 {
[%emt 0:02:35]} Kd6 {[%emt 0:01:34]} 46. Bh7 {[%emt 0:01:06]} Nxh2 {[%emt 0:03:
14]} 47. Bxa7 {[%emt 0:00:59]} Ng4 {[%emt 0:00:49]} 48. Bxg6 {[%emt 0:00:46]}
Ke5 {[%emt 0:01:00]} 49. Kd2 {[%emt 0:00:55]} Nb2 {[%emt 0:01:06]} 50. Kc3 {
[%emt 0:02:53]} Nc4 {[%emt 0:00:48]} 51. Bd4+ {[%emt 0:00:53]} Kf4 {[%emt 0:04:
44]} 52. Bf7 {[%emt 0:00:51]} Ke4 {[%emt 0:05:37]} 53. Bg6+ {[%emt 0:00:05]}
Kf4 {[%emt 0:00:15]} 54. Bf7 {[%emt 0:00:04]} 1/2-1/2

[Event "2019 Welsh Chess Championship"]
[Site "Cardiff"]
[Date "2019.04.19"]
[Round "2.4"]
[White "Jameson, David"]
[Black "Davis, Lee"]
[Result "1-0"]
[WhiteElo "2081"]
[BlackElo "1922"]
[PlyCount "73"]
[EventDate "2019.04.19"]
[EventType "swiss"]
[EventRounds "7"]
[EventCountry "WLS"]

1. e4 {[%emt 0:01:46]} g6 {[%emt 0:00:10]} 2. d4 {[%emt 0:00:03]} d6 {[%emt 0:
00:04]} 3. Nc3 {[%emt 0:00:12]} Bg7 {[%emt 0:00:06]} 4. f4 {[%emt 0:00:36]} Nf6
{[%emt 0:00:07]} 5. Nf3 {[%emt 0:00:26]} c5 {[%emt 0:00:33]} 6. Bb5+ {[%emt 0:
00:17]} Bd7 {[%emt 0:00:20]} 7. e5 {[%emt 0:00:11]} Ng4 {[%emt 0:00:34]} 8.
Bxd7+ {[%emt 0:00:21]} Qxd7 {[%emt 0:02:22]} 9. h3 {[%emt 0:00:05]} cxd4 {
[%emt 0:01:59]} 10. Qxd4 {[%emt 0:00:06]} Nh6 {[%emt 0:04:54]} 11. g4 {[%emt 0:
00:35]} Nc6 {[%emt 0:02:58]} 12. Qf2 {[%emt 0:07:45]} O-O {[%emt 0:11:18]} 13.
Bd2 {[%emt 0:00:38]} Rad8 {[%emt 0:10:33]} 14. O-O-O {[%emt 0:00:25]} Qc8 {
[%emt 0:00:30]} 15. f5 {[%emt 0:13:43]} dxe5 {[%emt 0:05:03]} 16. Qh4 {[%emt 0:
02:04]} Rxd2 {[%emt 0:01:40]} 17. Rxd2 {[%emt 0:01:53]} Nd4 {[%emt 0:02:50]}
18. Nxd4 {[%emt 0:04:07]} exd4 {[%emt 0:00:05]} 19. Nd5 {[%emt 0:00:21]} Qc4 {
[%emt 0:03:32]} 20. Nxe7+ {[%emt 0:01:13]} Kh8 {[%emt 0:00:03]} 21. f6 {
[%emt 0:00:35]} Qxa2 {[%emt 0:00:12]} 22. Rf2 {[%emt 0:08:56]} Qa1+ {[%emt 0:
06:48]} 23. Kd2 {[%emt 0:00:05]} Qa5+ {[%emt 0:00:56]} 24. Kd1 {[%emt 0:05:23]}
Qa1+ {[%emt 0:03:06]} 25. Ke2 {[%emt 0:01:13]} Qa6+ {[%emt 0:00:20]} 26. Kd2 {
[%emt 0:06:11]} Qa5+ {[%emt 0:01:36]} 27. Kd3 {[%emt 0:01:42]} Qa6+ {[%emt 0:
02:14]} 28. c4 {[%emt 0:03:56]} dxc3+ {[%emt 0:00:27]} 29. Kxc3 {[%emt 0:00:05]
} Qa5+ {[%emt 0:01:00]} 30. Kc2 {[%emt 0:01:42]} Qa4+ {[%emt 0:01:22]} 31. b3 {
[%emt 0:04:08]} Qa2+ {[%emt 0:00:41]} 32. Kc3 {[%emt 0:02:13]} Qa5+ {[%emt 0:
00:14]} 33. Kb2 {[%emt 0:01:08]} Qe5+ {[%emt 0:00:41]} 34. Ka2 {[%emt 0:00:12]}
g5 {[%emt 0:09:41]} 35. fxg7+ {[%emt 0:00:43]} Kxg7 {[%emt 0:00:06]} 36. Nf5+ {
[%emt 0:01:15]} Qxf5 {[%emt 0:00:08]} 37. Qxh6+ {[%emt 0:00:25]} 1-0

[Event "2019 Welsh Chess Championship"]
[Site "Cardiff"]
[Date "2019.04.19"]
[Round "2.5"]
[White "Pleasants, Allan J"]
[Black "Rathbone-Jones, Ifan"]
[Result "1/2-1/2"]
[WhiteElo "2075"]
[BlackElo "1854"]
[PlyCount "81"]
[EventDate "2019.04.19"]
[EventType "swiss"]
[EventRounds "7"]
[EventCountry "WLS"]

1. Nf3 d5 {[%emt 0:00:12]} 2. g3 {[%emt 0:00:30]} g6 {[%emt 0:00:21]} 3. Bg2 {
[%emt 0:00:43]} Bg7 {[%emt 0:00:06]} 4. d4 {[%emt 0:01:40]} Nf6 {[%emt 0:03:43]
} 5. c4 {[%emt 0:02:41]} e6 {[%emt 0:00:37]} 6. Nc3 {[%emt 0:02:47]} c6 {
[%emt 0:02:48]} 7. O-O {[%emt 0:02:20]} O-O {[%emt 0:01:43]} 8. b3 {[%emt 0:04:
08]} b6 {[%emt 0:04:03]} 9. Bb2 {[%emt 0:12:30]} Bb7 {[%emt 0:00:31]} 10. Rc1 {
[%emt 0:01:06]} Nbd7 {[%emt 0:03:19]} 11. Rc2 {[%emt 0:10:50]} Qe7 {[%emt 0:05:
32]} 12. Qc1 {[%emt 0:06:42]} Rfe8 {[%emt 0:06:36]} 13. Rd1 {[%emt 0:04:27]}
Nh5 {[%emt 0:04:14]} 14. e4 {[%emt 0:06:05]} a6 {[%emt 0:11:20]} 15. cxd5 {
[%emt 0:06:58]} exd5 {[%emt 0:01:01]} 16. e5 {[%emt 0:02:36]} Bf8 {[%emt 0:03:
02]} 17. Qd2 {[%emt 0:09:58]} b5 {[%emt 0:05:26]} 18. Ne2 {[%emt 0:03:18]} a5 {
[%emt 0:05:37]} 19. Ne1 {[%emt 0:02:54]} Ng7 {[%emt 0:01:30]} 20. Nd3 {[%emt 0:
00:50]} Qd8 {[%emt 0:01:46]} 21. Kh1 {[%emt 0:02:43]} f5 {[%emt 0:05:17]} 22.
f4 {[%emt 0:03:39]} Ne6 {[%emt 0:01:27]} 23. Ng1 {[%emt 0:03:17]} Qb6 {[%emt 0:
02:45]} 24. Nf3 {[%emt 0:00:28]} h6 {[%emt 0:00:14]} 25. Nf2 {[%emt 0:01:27]}
Be7 {[%emt 0:05:11]} 26. Rg1 {[%emt 0:03:27]} h5 {[%emt 0:03:10]} 27. Nh3 {
[%emt 0:01:26]} Ndf8 {[%emt 0:01:36]} 28. Nhg5 {[%emt 0:00:26]} Nxg5 {[%emt 0:
00:22]} 29. Nxg5 {[%emt 0:00:13]} Bxg5 {[%emt 0:00:10]} 30. fxg5 {[%emt 0:00:
04]} Ne6 {[%emt 0:00:28]} 31. Rgc1 {[%emt 0:01:39]} Rac8 {[%emt 0:01:02]} 32.
a3 {[%emt 0:00:51]} Qd8 {[%emt 0:02:49]} 33. h4 {[%emt 0:00:12]} Rf8 {[%emt 0:
00:04]} 34. Rf1 {[%emt 0:00:35]} Ra8 {[%emt 0:03:02]} 35. Rfc1 {[%emt 0:02:01]}
Qb6 {[%emt 0:00:56]} 36. Rc5 {[%emt 0:01:14]} a4 {[%emt 0:04:57]} 37. b4 {
[%emt 0:00:15]} Rac8 {[%emt 0:03:45]} 38. Qd3 {[%emt 0:01:03]} Rf7 {[%emt 0:02:
58]} 39. Rf1 {[%emt 0:00:33]} Qd8 {[%emt 0:01:05]} 40. Rc2 {[%emt 0:01:01]} Qd7
{[%emt 0:01:09]} 41. Rcf2 {[%emt 0:07:39]} 1/2-1/2

[Event "2019 Welsh Chess Championship"]
[Site "Cardiff"]
[Date "2019.04.19"]
[Round "2.6"]
[White "Young, Alan"]
[Black "Van Kemenade, Rudy"]
[Result "0-1"]
[WhiteElo "2021"]
[BlackElo "1925"]
[PlyCount "86"]
[EventDate "2019.04.19"]
[EventType "swiss"]
[EventRounds "7"]
[EventCountry "WLS"]

1. e4 {[%emt 0:00:01]} e5 {[%emt 0:00:06]} 2. Bc4 {[%emt 0:01:15]} Nf6 {
[%emt 0:00:07]} 3. d4 {[%emt 0:00:26]} exd4 {[%emt 0:00:07]} 4. Nf3 {[%emt 0:
00:04]} Bb4+ {[%emt 0:00:06]} 5. c3 {[%emt 0:04:05]} dxc3 {[%emt 0:00:18]} 6.
bxc3 {[%emt 0:03:50]} d5 {[%emt 0:00:08]} 7. exd5 {[%emt 0:01:13]} Bd6 {
[%emt 0:00:57]} 8. O-O {[%emt 0:02:06]} O-O {[%emt 0:00:07]} 9. Bb3 {[%emt 0:
08:27]} Bg4 {[%emt 0:01:29]} 10. Bg5 {[%emt 0:06:20]} Nbd7 {[%emt 0:00:24]} 11.
Re1 {[%emt 0:08:33]} Re8 {[%emt 0:01:00]} 12. Rxe8+ {[%emt 0:08:48]} Qxe8 {
[%emt 0:00:17]} 13. Nbd2 {[%emt 0:01:13]} h6 {[%emt 0:06:19]} 14. Bh4 {[%emt 0:
06:15]} Ne4 {[%emt 0:01:29]} 15. Nxe4 {[%emt 0:13:33]} Qxe4 {[%emt 0:00:22]}
16. Bc2 {[%emt 0:00:45]} Qf4 {[%emt 0:02:13]} 17. Qd3 {[%emt 0:04:30]} g6 {
[%emt 0:00:08]} 18. Bg3 {[%emt 0:00:48]} Qf6 {[%emt 0:00:08]} 19. Re1 {[%emt 0:
10:13]} Bxf3 {[%emt 0:00:17]} 20. Bxd6 {[%emt 0:05:16]} cxd6 {[%emt 0:00:34]}
21. Qxf3 {[%emt 0:00:44]} Qxf3 {[%emt 0:00:07]} 22. gxf3 {[%emt 0:00:02]} Kf8 {
[%emt 0:00:14]} 23. f4 {[%emt 0:03:44]} Nb6 {[%emt 0:01:00]} 24. Bb3 {[%emt 0:
01:31]} Re8 {[%emt 0:00:16]} 25. Re3 {[%emt 0:00:29]} Rc8 {[%emt 0:02:47]} 26.
Kf1 {[%emt 0:01:43]} Rc5 {[%emt 0:00:06]} 27. Rd3 {[%emt 0:00:42]} Rb5 {
[%emt 0:00:06]} 28. c4 {[%emt 0:03:44]} Rc5 {[%emt 0:00:05]} 29. Rd4 {[%emt 0:
00:12]} a5 {[%emt 0:00:55]} 30. a4 {[%emt 0:00:08]} f5 {[%emt 0:00:18]} 31. Ke2
{[%emt 0:00:47]} Rc7 {[%emt 0:00:18]} 32. Kd2 {[%emt 0:02:36]} Nd7 {[%emt 0:00:
07]} 33. Bc2 {[%emt 0:01:47]} Nc5 {[%emt 0:00:23]} 34. Kc3 {[%emt 0:00:26]} Re7
{[%emt 0:00:27]} 35. Rd2 {[%emt 0:00:23]} Kg7 {[%emt 0:00:34]} 36. Rd1 {
[%emt 0:00:56]} Re2 {[%emt 0:00:56]} 37. Rd2 {[%emt 0:00:12]} Re1 {[%emt 0:00:
07]} 38. Kb2 {[%emt 0:00:59]} Kf6 {[%emt 0:00:22]} 39. Bd1 {[%emt 0:00:35]} Re4
{[%emt 0:00:21]} 40. Kc3 {[%emt 0:00:35]} Rxf4 {[%emt 0:00:07]} 41. Bc2 {
[%emt 0:04:40]} Rf3+ {[%emt 0:00:47]} 42. Kb2 {[%emt 0:01:53]} Rh3 {[%emt 0:00:
58]} 43. f4 {[%emt 0:00:49]} Rf3 {[%emt 0:05:28]} 0-1

[Event "2019 Welsh Chess Championship"]
[Site "Cardiff"]
[Date "2019.04.19"]
[Round "2.7"]
[White "Mcgregor, John"]
[Black "Heaven, Pete"]
[Result "1-0"]
[WhiteElo "1856"]
[BlackElo "2017"]
[PlyCount "63"]
[EventDate "2019.04.19"]
[EventType "swiss"]
[EventRounds "7"]
[EventCountry "WLS"]

1. e4 {[%emt 0:00:05]} c5 {[%emt 0:02:20]} 2. Nc3 {[%emt 0:01:17]} e6 {[%emt 0:
00:12]} 3. f4 {[%emt 0:01:42]} Nc6 {[%emt 0:00:34]} 4. Nf3 {[%emt 0:02:26]} d5
{[%emt 0:01:13]} 5. Bb5 {[%emt 0:01:12]} d4 {[%emt 0:04:29]} 6. Bxc6+ {[%emt 0:
00:37]} bxc6 {[%emt 0:00:05]} 7. Ne2 {[%emt 0:00:22]} Nf6 {[%emt 0:01:34]} 8.
d3 {[%emt 0:01:43]} Qb6 {[%emt 0:03:49]} 9. b3 {[%emt 0:03:06]} Be7 {[%emt 0:
04:26]} 10. O-O {[%emt 0:02:57]} Qc7 {[%emt 0:10:52]} 11. Ne5 {[%emt 0:04:22]}
Nd7 {[%emt 0:02:52]} 12. Nxd7 {[%emt 0:04:42]} Qxd7 {[%emt 0:00:47]} 13. f5 {
[%emt 0:09:19]} exf5 {[%emt 0:01:01]} 14. exf5 {[%emt 0:00:59]} f6 {[%emt 0:12:
48]} 15. Ng3 {[%emt 0:02:07]} O-O {[%emt 0:00:24]} 16. Qf3 {[%emt 0:20:04]} Qd5
{[%emt 0:08:56]} 17. Ne4 {[%emt 0:00:26]} Bd7 {[%emt 0:00:26]} 18. g4 {[%emt 0:
02:46]} Rae8 {[%emt 0:02:12]} 19. Bf4 {[%emt 0:02:30]} g6 {[%emt 0:04:48]} 20.
fxg6 {[%emt 0:05:54]} hxg6 {[%emt 0:00:20]} 21. Qg3 {[%emt 0:00:47]} g5 {
[%emt 0:06:43]} 22. Bd2 {[%emt 0:07:37]} Kg7 {[%emt 0:00:31]} 23. Rae1 {
[%emt 0:06:12]} Be6 {[%emt 0:05:11]} 24. h3 {[%emt 0:01:24]} Qd7 {[%emt 0:00:
40]} 25. Nxg5 {[%emt 0:09:34]} fxg5 {[%emt 0:01:33]} 26. Qe5+ {[%emt 0:00:08]}
Bf6 {[%emt 0:00:13]} 27. Rxf6 {[%emt 0:00:08]} Rxf6 {[%emt 0:08:34]} 28. Bxg5 {
[%emt 0:00:10]} Ref8 {[%emt 0:00:06]} 29. Rf1 {[%emt 0:00:36]} Qe7 {[%emt 0:01:
24]} 30. Bxf6+ {[%emt 0:00:51]} Rxf6 {[%emt 0:00:09]} 31. g5 {[%emt 0:00:21]}
Kh7 {[%emt 0:01:48]} 32. Rxf6 {[%emt 0:00:50]} 1-0

[Event "2019 Welsh Chess Championship"]
[Site "Cardiff"]
[Date "2019.04.19"]
[Round "2.8"]
[White "Turner, Joseph David"]
[Black "Yeo, Gareth"]
[Result "0-1"]
[WhiteElo "1846"]
[BlackElo "1963"]
[PlyCount "72"]
[EventDate "2019.04.19"]
[EventType "swiss"]
[EventRounds "7"]
[EventCountry "WLS"]

1. e4 {[%emt 1:05:31]} c5 {[%emt 0:00:07]} 2. Nf3 {[%emt 0:00:04]} Nc6 {
[%emt 0:00:04]} 3. d4 {[%emt 0:00:11]} cxd4 {[%emt 0:00:06]} 4. Nxd4 {[%emt 0:
00:04]} e5 {[%emt 0:00:21]} 5. Nb5 {[%emt 0:07:21]} d6 {[%emt 0:00:45]} 6. N1c3
{[%emt 0:00:37]} a6 {[%emt 0:00:08]} 7. Na3 {[%emt 0:00:08]} Be7 8. Nd5 {
[%emt 0:02:09]} Nf6 {[%emt 0:00:10]} 9. Be3 {[%emt 0:05:29]} O-O {[%emt 0:01:
45]} 10. Bb6 {[%emt 0:05:03]} Qd7 {[%emt 0:00:22]} 11. f3 {[%emt 0:09:31]} Nxd5
{[%emt 0:01:14]} 12. exd5 {[%emt 0:01:21]} Nd8 {[%emt 0:00:14]} 13. Bd3 {
[%emt 0:07:21]} f5 {[%emt 0:00:22]} 14. Qe2 {[%emt 0:07:39]} Bg5 {[%emt 0:02:
03]} 15. O-O {[%emt 0:04:55]} Nf7 {[%emt 0:00:20]} 16. c4 {[%emt 0:03:38]} Bd8
{[%emt 0:01:34]} 17. Be3 {[%emt 0:02:21]} b6 {[%emt 0:00:45]} 18. Nc2 {[%emt 0:
01:56]} Bb7 {[%emt 0:02:33]} 19. g4 {[%emt 0:06:58]} f4 {[%emt 0:08:13]} 20.
Bf2 {[%emt 0:00:24]} Kh8 {[%emt 0:02:52]} 21. h4 {[%emt 0:02:31]} Nh6 {[%emt 0:
05:45]} 22. Ne1 {[%emt 0:17:49]} b5 {[%emt 0:02:43]} 23. b3 {[%emt 0:00:43]}
bxc4 {[%emt 0:00:21]} 24. bxc4 {[%emt 0:00:07]} Ba5 {[%emt 0:00:27]} 25. Ng2 {
[%emt 0:02:25]} Rae8 {[%emt 0:03:46]} 26. Qe4 {[%emt 0:01:57]} g6 {[%emt 0:00:
23]} 27. Rab1 {[%emt 0:00:55]} Bc8 {[%emt 0:01:30]} 28. c5 {[%emt 0:03:14]}
dxc5 {[%emt 0:06:03]} 29. Bxc5 {[%emt 0:00:16]} Rf7 {[%emt 0:00:58]} 30. Rb2 {
[%emt 0:07:07]} Ng8 {[%emt 0:00:42]} 31. g5 {[%emt 0:00:20]} Bc7 {[%emt 0:03:
22]} 32. Re2 {[%emt 0:00:24]} Bd6 {[%emt 0:01:02]} 33. Rc1 {[%emt 0:00:36]} Bb7
{[%emt 0:00:50]} 34. Bf2 {[%emt 0:01:16]} Ne7 {[%emt 0:00:46]} 35. Bc4 {
[%emt 0:00:48]} Rff8 {[%emt 0:00:44]} 36. Rd1 {[%emt 0:00:22]} Nf5 {[%emt 0:01:
31]} 0-1

[Event "2019 Welsh Chess Championship"]
[Site "Cardiff"]
[Date "2019.04.19"]
[Round "2.9"]
[White "Jones, Derek"]
[Black "Fathallah, Joe"]
[Result "1/2-1/2"]
[WhiteElo "1925"]
[BlackElo "1958"]
[PlyCount "60"]
[EventDate "2019.04.19"]
[EventType "swiss"]
[EventRounds "7"]
[EventCountry "WLS"]

1. Nf3 {[%emt 0:00:03]} b6 {[%emt 0:00:18]} 2. g3 {[%emt 0:00:06]} Bb7 {
[%emt 0:00:04]} 3. Bg2 {[%emt 0:00:05]} f5 {[%emt 0:00:26]} 4. c4 {[%emt 0:00:
14]} Nf6 {[%emt 0:00:07]} 5. d4 {[%emt 0:00:44]} g6 {[%emt 0:00:12]} 6. Nc3 {
[%emt 0:00:46]} Bg7 {[%emt 0:00:15]} 7. O-O {[%emt 0:00:20]} O-O {[%emt 0:00:
07]} 8. b3 {[%emt 0:04:29]} Ne4 {[%emt 0:03:59]} 9. Bb2 {[%emt 0:04:39]} Na6 {
[%emt 0:06:37]} 10. Rc1 {[%emt 0:01:11]} e6 {[%emt 0:02:37]} 11. e3 {[%emt 0:
02:15]} Qe7 {[%emt 0:02:30]} 12. Qe2 {[%emt 0:01:17]} d6 {[%emt 0:02:40]} 13.
Rfd1 {[%emt 0:00:42]} g5 {[%emt 0:07:13]} 14. d5 {[%emt 0:08:00]} Nxc3 {
[%emt 0:01:16]} 15. Bxc3 {[%emt 0:00:08]} e5 {[%emt 0:00:49]} 16. Nd2 {[%emt 0:
05:48]} e4 {[%emt 0:03:02]} 17. Bxg7 {[%emt 0:00:51]} Kxg7 {[%emt 0:02:39]} 18.
f3 {[%emt 0:10:46]} exf3 {[%emt 0:09:05]} 19. Nxf3 {[%emt 0:01:19]} Rae8 {
[%emt 0:00:50]} 20. Re1 {[%emt 0:07:54]} Bc8 {[%emt 0:02:01]} 21. b4 {[%emt 0:
03:06]} Qf6 {[%emt 0:04:54]} 22. Qd2 {[%emt 0:03:04]} Nb8 {[%emt 0:17:55]} 23.
Nd4 {[%emt 0:00:31]} Re7 {[%emt 0:01:46]} 24. Rf1 {[%emt 0:02:49]} Qe5 {
[%emt 0:02:00]} 25. Rce1 {[%emt 0:00:32]} Bd7 {[%emt 0:06:06]} 26. Bh3 {
[%emt 0:11:33]} c5 {[%emt 0:02:53]} 27. bxc5 {[%emt 0:03:13]} dxc5 {[%emt 0:01:
02]} 28. Nf3 {[%emt 0:03:01]} Qf6 {[%emt 0:00:53]} 29. Bg2 {[%emt 0:03:55]}
Rfe8 {[%emt 0:08:51]} 30. a3 {[%emt 0:12:00]} h6 {[%emt 0:00:59]} 1/2-1/2

[Event "2019 Welsh Chess Championship"]
[Site "Cardiff"]
[Date "2019.04.19"]
[Round "2.10"]
[White "Guha, Chirag"]
[Black "Jukes, Sam"]
[Result "1-0"]
[WhiteElo "1941"]
[BlackElo "1892"]
[PlyCount "109"]
[EventDate "2019.04.19"]
[EventType "swiss"]
[EventRounds "7"]
[EventCountry "WLS"]

1. d4 {[%emt 0:00:07]} Nf6 {[%emt 0:00:05]} 2. c4 {[%emt 0:00:05]} e6 {[%emt 0:
00:07]} 3. g3 {[%emt 0:00:04]} d5 {[%emt 0:00:11]} 4. Nf3 {[%emt 0:00:08]} Bb4+
{[%emt 0:02:59]} 5. Bd2 {[%emt 0:00:05]} Be7 {[%emt 0:00:11]} 6. Bg2 {[%emt 0:
00:05]} O-O {[%emt 0:00:32]} 7. O-O {[%emt 0:00:06]} dxc4 {[%emt 0:01:52]} 8.
Qc2 {[%emt 0:03:03]} c5 {[%emt 0:06:34]} 9. dxc5 {[%emt 0:04:52]} Nc6 {[%emt 0:
04:33]} 10. Qxc4 {[%emt 0:01:38]} e5 {[%emt 0:02:11]} 11. e4 {[%emt 0:06:59]}
Be6 {[%emt 0:00:57]} 12. Qc2 {[%emt 0:02:12]} Qc7 {[%emt 0:07:38]} 13. b4 {
[%emt 0:06:23]} a6 {[%emt 0:02:54]} 14. a3 {[%emt 0:03:41]} Rfd8 {[%emt 0:05:
32]} 15. Bc1 {[%emt 0:15:05]} Nd4 {[%emt 0:12:53]} 16. Nxd4 {[%emt 0:01:11]}
exd4 {[%emt 0:00:24]} 17. Qd3 {[%emt 0:03:47]} Ng4 {[%emt 0:06:23]} 18. Bf4 {
[%emt 0:02:10]} Qd7 {[%emt 0:01:43]} 19. h3 {[%emt 0:04:34]} g5 {[%emt 0:01:45]
} 20. Bd6 {[%emt 0:06:41]} Bxd6 {[%emt 0:03:15]} 21. cxd6 {[%emt 0:02:31]} Ne5
{[%emt 0:01:33]} 22. Qxd4 {[%emt 0:01:24]} Qxd6 {[%emt 0:02:07]} 23. Qxd6 {
[%emt 0:01:44]} Rxd6 {[%emt 0:00:11]} 24. f4 {[%emt 0:08:02]} gxf4 {[%emt 0:03:
24]} 25. gxf4 {[%emt 0:00:14]} Nc4 {[%emt 0:00:20]} 26. f5 {[%emt 0:10:18]} Bd7
{[%emt 0:01:37]} 27. Re1 {[%emt 0:01:11]} Re8 {[%emt 0:01:31]} 28. Nc3 {
[%emt 0:01:43]} Bc6 {[%emt 0:04:42]} 29. a4 {[%emt 0:07:44]} Rd3 {[%emt 0:08:
03]} 30. Rac1 {[%emt 0:01:04]} Ne3 {[%emt 0:03:34]} 31. b5 {[%emt 0:02:17]}
Nxg2 {[%emt 0:12:04]} 32. Kxg2 {[%emt 0:00:35]} Bd7 {[%emt 0:01:16]} 33. Red1 {
[%emt 0:01:50]} Rxd1 {[%emt 0:00:45]} 34. Rxd1 {[%emt 0:00:07]} Bc8 {[%emt 0:
00:31]} 35. Nd5 {[%emt 0:01:35]} Kg7 {[%emt 0:00:29]} 36. Kf3 {[%emt 0:01:43]}
axb5 {[%emt 0:00:57]} 37. axb5 {[%emt 0:00:20]} Bd7 {[%emt 0:02:29]} 38. f6+ {
[%emt 0:00:42]} Kh6 {[%emt 0:00:35]} 39. b6 {[%emt 0:00:53]} Ra8 {[%emt 0:00:
47]} 40. Ne7 {[%emt 0:00:39]} Ra3+ {[%emt 0:00:23]} 41. Kf4 {[%emt 0:03:59]}
Be6 {[%emt 0:08:45]} 42. h4 {[%emt 0:08:35]} Rh3 {[%emt 0:03:15]} 43. Ng8+ {
[%emt 0:01:37]} Kh5 {[%emt 0:01:36]} 44. Rc1 {[%emt 0:01:25]} Rxh4+ {[%emt 0:
03:30]} 45. Ke5 {[%emt 0:00:17]} Bh3 {[%emt 0:00:31]} 46. Rc7 {[%emt 0:09:21]}
Kg6 {[%emt 0:06:18]} 47. Ne7+ {[%emt 0:00:31]} Kg5 {[%emt 0:00:52]} 48. Rc3 {
[%emt 0:04:34]} Bg2 {[%emt 0:01:16]} 49. Rg3+ {[%emt 0:01:52]} Rg4 {[%emt 0:00:
11]} 50. Rxg4+ {[%emt 0:00:29]} Kxg4 {[%emt 0:00:08]} 51. Nf5 {[%emt 0:00:04]}
h5 {[%emt 0:00:43]} 52. Nh6+ {[%emt 0:00:17]} Kg5 {[%emt 0:06:32]} 53. Nxf7+ {
[%emt 0:00:08]} Kg6 {[%emt 0:00:09]} 54. Nd6 {[%emt 0:01:35]} Bf1 {[%emt 0:02:
25]} 55. Ke6 {[%emt 0:00:53]} 1-0